000
00238nam a2200097Ia 4500
005
20251222114355.0
008
251222s1900||||xx |||||||||||||| ||spa||
082
_a
DVD0090/L95/2006
245
0
_a
Hubble: Telescopio en el espacio:
942
_c
DVD
999
_c
1406
_d
1406